000 00759nam a2200241 i 4500
001 42561
003 ES-MaACL
005 20250807063206.0
007 t|
008 030407s2002 sp ||||1| spa d
020 _a84-264-1320-X
080 _a821.134.2-92"19"
100 1 _aBarral, Carlos,
_d1928-1989
_9180413
245 1 0 _aObservaciones a la mina de plomo /
_cCarlos Barral ; prólogo y edición de Jordi Jové.
250 _a1ª ed. en Palabra en el tiempo.
260 _aBarcelona :
_bLumen,
_c2002.
300 _a545 p. ;
_c23 cm.
490 1 _aPalabra en el tiempo ;
_v320
700 1 _aJové, Jordi.
_967048
830 0 _aPalabra en el tiempo ;
_v320
_9177857
852 _aES-MaACL
_jL-26145
_bR.131749
999 _c42561
_d42561